000 00571nam a2200205 i 4500
001 149560
003 ES-MaACL
005 20240524094645.0
007 t|
008 071023s1972 sp ||||1| spa d
100 1 _aVargas, Herminio.
_9113194
245 1 0 _aEsperando /
_cHerminio Vargas (Eric).
260 _aAlgeciras :
_b[s.n.],
_c1972 (
_fTip. Algecireña)
300 _a56 p. ;
_c17 cm.
490 1 _aBahía ;
_v5
830 0 _aColección "Bahía" ;
_v5
_9181016
852 _aES-MaACL
_jC-53569
_bR.85073
942 _2udc
999 _c149560
_d149560